00000000nam 2200000zi 4500
0019.931918
003CaOODSP
00520241118162129
006m     o  d f      
007cr |n|||||||||
008231229e198206##qucb    ob   f|0| 0 fre d
040 |aCaOODSP|bfre|erda|cCaOODSP
043 |an-cn-qu
0861 |aCW66-1462/1982F-PDF
1001 |aRepentigny, Léo-Guy de, |eauteur.
24510|aÉléments d'histoire naturelle et humaine de la région de la Réserve nationale de faune du lac Saint-François / |cpar Léo-Guy de Repentigny.
264 1|a[Sainte-Foy, Québec] : |bService canadien de la faune, Environnement Canada, |cjuin 1982.
300 |a1 ressource en ligne (332 pages) : |bcartes
336 |atexte|btxt|2rdacontent/fre
337 |ainformatique|bc|2rdamedia/fre
338 |aressource en ligne|bcr|2rdacarrier/fre
500 |aÉdition numérisée de l’imprimé [par Environnement et changement climatique Canada].
504 |aComprend des références bibliographiques.
650 0|aNatural history|zQuébec (Province)
650 0|aSciences naturelles|zQuébec (Province)
651 0|aRéserve nationale de faune du lac Saint-François (Québec)
7102 |aService canadien de la faune, |eorganisme de publication.
7101 |aCanada. |bEnvironnement Canada, |eorganisme de publication.
85640|qPDF|s10.40 Mo|uhttps://publications.gc.ca/collections/collection_2024/eccc/cw66/CW66-1462-1982-fra.pdf